01105cam a22002178a 450000500170000001000340001702000330005103500130008403500180009703700130011503700270012808200110015510000260016624500600019226000400025230000270029250000510031950504590037065000300082965000280085920100114111600.0 aENG-96195 B-428452-453 a9788132103165 (hbk.)c495.00 aEN-79728 a B-428452-453 bDBAD/PUB bResearchco Book Centre a954.96 aPandey, Nishchal Nath aNew Nepal :bthe fault lines /cby Nishchal Nath Pandey aNew Delhi bSAGE Publicationsc2010 axiv, 164p.c23 cm (Hb) aIncludes bibliographical references and index. aPeople's movement II and its aftermath -- Interim Constitution and repeated amendments -- Maoist triumph -- The fault lines -- Language as a potential source of conflict -- Secularism : onset of religious conflict? -- Security sector governance and future of Nepal Army -- Lack of political culture and legitimacy -- Role of UNMIN -- Rejuvenating the economy -- India and Nepal : partners in progress -- Nepal-China relations : giving an economic thrust. aPolitical culturezNepal. aSocial conflictzNepal.